[Event "Conegliano op"]
[Site "Conegliano"]
[Date "2008.06.01"]
[Round "3"]
[White "Verducci, Gianni"]
[Black "Pfeifer, Andreas"]
[Result "1-0"]
[WhiteElo "2010"]
[BlackElo "2116"]
[PlyCount "57"]
[EventDate "2008.05.31"]
[EventType "swiss"]
[EventRounds "6"]
[EventCountry "ITA"]
[SourceTitle "CBM 124 Extra"]
[Source "ChessBase"]
[SourceDate "2008.07.03"]
[SourceVersion "1"]
[SourceVersionDate "2008.07.03"]
[SourceQuality "1"]

1. e4 e6 2. d4 d5 3. Nc3 Nc6 4. e5 f6 5. f4 Nh6 6. Nf3 Bd7 7. a3 Qe7 8. Bd3 0-0-0 9. Bd2 Be8 10. Qe2 Bh5 11. Be3 fxe5 12. fxe5 Nf7 13. 0-0-0 Bxf3 14. Qxf3 Nfxe5 15. dxe5 d4 16. Ba6 Qc5 17. Bxd4 Rxd4 18. Rxd4 Nxd4 19. Qxb7+ Kd7 20. Rd1 Ke7 21. Qe4 Nf5 22. Bb5 Kf7 23. Rf1 Kg8 24. Bc4 g6 25. Bxe6+ Kg7 26. Bxf5 gxf5 27. Qxf5 Qe3+ 28. Kb1 Bxa3 29. Qf6+ 1-0

[Event "Montebelluna Week End"]
[Site "Montebelluna"]
[Date "2007.12.30"]
[Round "5.7"]
[White "Verducci, Gianni"]
[Black "Mortola, Alberto"]
[Result "0-1"]
[WhiteElo "2018"]
[BlackElo "1940"]
[PlyCount "68"]
[EventDate "2007.12.27"]
[EventType "swiss"]
[EventRounds "7"]
[EventCountry "ITA"]
[SourceTitle "EXT 2024"]
[Source "ChessBase"]
[SourceDate "2023.10.10"]
[SourceVersion "1"]
[SourceVersionDate "2023.10.10"]
[SourceQuality "1"]

1. e4 e5 2. Nf3 Nf6 3. Nc3 Nc6 4. Bc4 Nxe4 5. Nxe4 d5 6. Bd3 dxe4 7. Bxe4 Nd4 8. Nxd4 Qxd4 9. Qf3 Bc5 10. 0-0 Qb4 11. c3 Qb6 12. b4 Bd6 13. d3 c6 14. Qg3 g6 15. Bg5 f5 16. Bf3 Qc7 17. Qh4 0-0 18. Qc4+ Kh8 19. h4 Bd7 20. h5 Rae8 21. hxg6 hxg6 22. Qh4+ Kg8 23. Bf6 Kf7 24. d4 e4 25. Bd1 Be6 26. Bb3 Bxb3 27. axb3 Ke6 28. d5+ cxd5 29. Bd4 a6 30. Qg5 Rg8 31. Qf6+ Kd7 32. Qf7+ Kc8 33. Qxd5 Bh2+ 34. Kh1 Qh7 0-1

[Event "Montebelluna Week End"]
[Site "Montebelluna"]
[Date "2007.12.28"]
[Round "2.6"]
[White "Privitera, Franco"]
[Black "Verducci, Gianni"]
[Result "1-0"]
[WhiteElo "2113"]
[BlackElo "2018"]
[PlyCount "39"]
[EventDate "2007.12.27"]
[EventType "swiss"]
[EventRounds "7"]
[EventCountry "ITA"]
[SourceTitle "EXT 2024"]
[Source "ChessBase"]
[SourceDate "2023.10.10"]
[SourceVersion "1"]
[SourceVersionDate "2023.10.10"]
[SourceQuality "1"]

1. d4 Nf6 2. c4 c5 3. d5 b5 4. f3 g6 5. e4 d6 6. cxb5 a6 7. Nc3 Bg7 8. a4 0-0 9. Ra3 Nbd7 10. Nh3 Ne5 11. Nf2 Bb7 12. Be2 Qc7 13. 0-0 Rfc8 14. f4 Ned7 15. Bc4 Qa5 16. Bd2 Qb4 17. bxa6 Bxa6 18. Bxa6 Rxa6 19. Nb5 Qxb2 20. Rb3 1-0

[Event "Magistrale 6th"]
[Site "Bassano del Grappa"]
[Date "2006.12.27"]
[Round "3.6"]
[White "De Nardi, Riccardo"]
[Black "Verducci, Gianni"]
[Result "1-0"]
[WhiteElo "1958"]
[BlackElo "2062"]
[PlyCount "135"]
[EventDate "2006.12.26"]
[EventType "swiss"]
[EventRounds "7"]
[EventCountry "ITA"]
[SourceTitle "EXT 2023"]
[Source "ChessBase"]
[SourceDate "2022.10.05"]
[SourceVersion "1"]
[SourceVersionDate "2022.10.05"]
[SourceQuality "1"]

1. e4 e6 2. d4 d5 3. e5 c5 4. c3 Qb6 5. Nf3 Nc6 6. Be2 Nh6 7. Bxh6 Qxb2 8. Be3 cxd4 9. Nxd4 Nxd4 10. Bxd4 Qxa1 11. Qc2 Ba3 12. Bd3 Bd7 13. Qb3 Qb2 14. Qxa3 Qxa3 15. Nxa3 a6 16. Ke2 0-0 17. Rb1 Bc6 18. Nc2 b5 19. Bc5 Rfc8 20. Bd6 Bd7 21. Kd2 g6 22. Nd4 Kg7 23. g3 Ra7 24. f4 Rb7 25. Nb3 Ra7 26. Nd4 Rb7 27. a4 Ra7 28. axb5 axb5 29. Rb2 Ra1 30. Bxb5 Bxb5 31. Nxb5 Rh1 32. Kd3 Ra8 33. Be7 Raa1 34. Bf6+ Kh6 35. Nd6 Ra7 36. Bg5+ Kh5 37. Rg2 Kg4 38. Rd2 Kh3 39. Bd8 Rxh2 40. Rxh2+ Kxh2 41. Bb6 Ra6 42. Bf2 Kg2 43. Ke3 Ra2 44. Be1 Ra1 45. Ke2 Ra2+ 46. Ke3 Ra7 47. Ke2 h5 48. c4 Rc7 49. cxd5 exd5 50. Ke3 Re7 51. Kd4 Kf1 52. Bb4 Kg2 53. Kxd5 Ra7 54. Bc5 Rc7 55. Ne4 Kf3 56. Kd6 Rb7 57. Kc6 Rb2 58. Ng5+ Kxg3 59. Nxf7 Kxf4 60. e6 Re2 61. e7 h4 62. Bd6+ Kf5 63. Ne5 Rc2+ 64. Kd7 h3 65. e8Q h2 66. Qe6+ Ke4 67. Ng4+ Kf3 68. Nxh2+ 1-0

[Event "Pedavena op-A 2nd"]
[Site "Pedavena"]
[Date "2006.08.05"]
[Round "7"]
[White "Verducci, Gianni"]
[Black "Bini, Alessandro"]
[Result "1-0"]
[WhiteElo "2065"]
[BlackElo "1877"]
[PlyCount "107"]
[EventDate "2006.08.01"]
[EventType "swiss"]
[EventRounds "7"]
[EventCountry "ITA"]
[SourceTitle "EXT 2023"]
[Source "ChessBase"]
[SourceDate "2022.10.05"]
[SourceVersion "1"]
[SourceVersionDate "2022.10.05"]
[SourceQuality "1"]

1. e4 Nc6 2. d4 d6 3. Nc3 Nf6 4. Bg5 e6 5. Nf3 Be7 6. Qd2 d5 7. Bxf6 Bxf6 8. e5 Be7 9. a3 b6 10. Bd3 Na5 11. b4 Nc6 12. h4 h6 13. Qf4 a6 14. Qg4 Bf8 15. Ne2 Qd7 16. Nf4 Bb7 17. 0-0 Ne7 18. Rfc1 b5 19. a4 c6 20. Nd2 g6 21. Nb3 Nf5 22. c3 g5 23. Nh5 0-0-0 24. Nf6 Qc7 25. Bxf5 exf5 26. Qxf5+ Kb8 27. h5 Bc8 28. Qd3 Bg7 29. Qf3 Be6 30. axb5 axb5 31. Ra3 Kb7 32. Rca1 Ra8 33. Rxa8 Rxa8 34. Rxa8 Kxa8 35. Ng8 g4 36. Qd3 Kb7 37. Nxh6 Qc8 38. Qh7 Qc7 39. Nf5 Bf8 40. Ng7 Bc8 41. Ne8 Qe7 42. Nd6+ Kc7 43. Nc5 f6 44. Qxe7+ Bxe7 45. Nxc8 Kxc8 46. exf6 Bxf6 47. h6 Kd8 48. Kh2 Ke7 49. Kg3 Kf7 50. Kxg4 Kg6 51. Nd7 Bh8 52. Ne5+ Bxe5 53. dxe5 c5 54. e6 1-0

[Event "Lodi op 1st"]
[Site "Lodi"]
[Date "2005.06.11"]
[Round "2"]
[White "Verducci, Gianni"]
[Black "Vivo, Mario"]
[Result "0-1"]
[WhiteElo "2081"]
[BlackElo "2144"]
[PlyCount "110"]
[EventDate "2005.06.10"]
[EventType "swiss"]
[EventRounds "5"]
[EventCountry "ITA"]
[SourceTitle "EXT 2007"]
[Source "ChessBase"]
[SourceDate "2006.11.23"]
[SourceVersion "1"]
[SourceVersionDate "2006.11.23"]
[SourceQuality "1"]

1. e4 c5 2. Nc3 a6 3. Nge2 b5 4. g3 Bb7 5. Bg2 e6 6. d3 Nf6 7. 0-0 d6 8. f4 Qc7 9. h3 h5 10. f5 e5 11. Bg5 Nbd7 12. Qd2 Be7 13. Kh2 Nb6 14. Ng1 b4 15. Nd1 a5 16. Nf3 Qd8 17. Bxf6 Bxf6 18. Nf2 Qc7 19. g4 hxg4 20. Nxg4 Be7 21. Ng5 Qd8 22. Nf3 Nd7 23. Rae1 Nf6 24. Ne3 Nh5 25. Qf2 Nf4 26. Qg3 Bf6 27. Nc4 Qc7 28. Qg4 Ke7 29. Ng5 Rh5 30. Nf3 Rah8 31. Kg1 g6 32. Ne3 Bc8 33. Qxf4 exf4 34. Nd5+ Kd7 35. Nxc7 Kxc7 36. e5 dxe5 37. Nxe5 Rxf5 38. Nc4 Be6 39. Re4 g5 40. b3 Bd4+ 41. Kh2 g4 42. Nd2 f3 43. Nxf3 gxf3 44. Bxf3 Re5 45. Bg2 Rxe4 46. dxe4 Kd6 47. Rf3 Ke5 48. Rd3 f6 49. Kg3 Bd7 50. Rd1 Bc6 51. Re1 Rg8+ 52. Kh2 Kf4 53. Rf1+ Ke3 54. Rd1 Ke2 55. Rd3 Rxg2+ 0-1

[Event "Alta Padovana op 5th"]
[Site "Loreggia"]
[Date "2005.02.27"]
[Round "4"]
[White "Busi, Massimo"]
[Black "Verducci, Gianni"]
[Result "0-1"]
[WhiteElo "1820"]
[BlackElo "2081"]
[PlyCount "91"]
[EventDate "2005.02.25"]
[EventType "swiss"]
[EventRounds "5"]
[EventCountry "ITA"]
[SourceTitle "EXT 2007"]
[Source "ChessBase"]
[SourceDate "2006.11.23"]
[SourceVersion "1"]
[SourceVersionDate "2006.11.23"]
[SourceQuality "1"]

1. e4 e6 2. d4 d5 3. Nd2 Nf6 4. e5 Nfd7 5. Bd3 c5 6. c3 Qb6 7. Ne2 Nc6 8. Nf3 cxd4 9. cxd4 Bb4+ 10. Bd2 0-0 11. 0-0 f6 12. exf6 Nxf6 13. Bf4 Bd7 14. a3 Be7 15. Qd2 Na5 16. Rab1 Bb5 17. Ng3 Ne4 18. Nxe4 dxe4 19. Bxb5 exf3 20. Bd3 Nb3 21. Qe3 Nxd4 22. Rfe1 Bc5 23. Qe4 Nf5 24. Rf1 fxg2 25. Kxg2 Nh4+ 26. Kg1 Ng6 27. Bg3 Rad8 28. b4 Bd4 29. Bc4 Kh8 30. Qxe6 Qxe6 31. Bxe6 h5 32. h4 Bf6 33. Rb3 Bxh4 34. Bxh4 Nxh4 35. Rh3 g5 36. f4 Rd2 37. f5 Kg7 38. Rc3 g4 39. Rc7+ Kf6 40. Rf2 Rd1+ 41. Rf1 Nf3+ 42. Kg2 Rfd8 43. Rxd1 Rxd1 44. Kg3 Rd3 45. Kf4 Ng5 46. Bd5 0-1

[Event "Alta Padovana op 5th"]
[Site "Loreggia"]
[Date "2005.02.27"]
[Round "5"]
[White "Verducci, Gianni"]
[Black "Garofalo, Sergio"]
[Result "1-0"]
[WhiteElo "2081"]
[BlackElo "2005"]
[PlyCount "79"]
[EventDate "2005.02.25"]
[EventType "swiss"]
[EventRounds "5"]
[EventCountry "ITA"]
[SourceTitle "EXT 2007"]
[Source "ChessBase"]
[SourceDate "2006.11.23"]
[SourceVersion "1"]
[SourceVersionDate "2006.11.23"]
[SourceQuality "1"]

1. e4 e5 2. Nf3 Nc6 3. d4 exd4 4. Bc4 Nf6 5. 0-0 Nxe4 6. Re1 d5 7. Bxd5 Qxd5 8. Nc3 Qa5 9. Nxe4 Be6 10. Bg5 Be7 11. Bxe7 Nxe7 12. Qxd4 Nf5 13. Qc5 Qb6 14. Rad1 Rc8 15. Nfg5 h6 16. Nxe6 fxe6 17. Nf6+ gxf6 18. Qxf5 Ke7 19. Re2 Qc6 20. Rde1 e5 21. f4 Qe6 22. Rxe5 fxe5 23. Rxe5 Qxe5 24. Qxe5+ Kd7 25. Qd5+ Ke7 26. f5 Rce8 27. Qxb7 Kd6 28. c4 Re5 29. Qxa7 Rhe8 30. Qd4+ Kc6 31. f6 Rf5 32. h3 Re1+ 33. Kh2 Ref1 34. b4 R1f4 35. Qd3 Rxf6 36. Qd5+ Kb6 37. a4 R4f5 38. Qa8 c6 39. Qb8+ Ka6 40. c5 1-0

[Event "Vicenza op 8th"]
[Site "Vicenza"]
[Date "2004.10.09"]
[Round "4"]
[White "Luciani, Valerio"]
[Black "Verducci, Gianni"]
[Result "1-0"]
[WhiteElo "2182"]
[BlackElo "2045"]
[PlyCount "121"]
[EventDate "2004.10.02"]
[EventType "swiss"]
[EventRounds "6"]
[EventCountry "ITA"]
[SourceTitle "EXT 2009"]
[Source "ChessBase"]
[SourceDate "2008.11.26"]
[SourceVersion "1"]
[SourceVersionDate "2008.11.26"]
[SourceQuality "1"]

1. d4 d5 2. c4 e6 3. Nc3 Nf6 4. cxd5 exd5 5. Bg5 Be7 6. e3 0-0 7. Qc2 h6 8. Bh4 b6 9. Bd3 Ba6 10. Nge2 Bxd3 11. Qxd3 Nbd7 12. 0-0 c6 13. f3 Nh5 14. Bxe7 Qxe7 15. g4 Nhf6 16. Ng3 Nh7 17. Nf5 Qg5 18. h4 Qf6 19. Ne2 g6 20. Nfg3 Qxh4 21. Kg2 Qg5 22. Rh1 Rae8 23. Nf4 c5 24. Rh2 cxd4 25. Qxd4 Qe5 26. Nxd5 Nhf6 27. Nxf6+ Nxf6 28. Rxh6 Qxe3 29. Qxe3 Rxe3 30. g5 Nh5 31. Rh1 Rd8 32. Nxh5 gxh5 33. R6xh5 Rd2+ 34. Kg3 Rxb2 35. Kf4 Rc3 36. Rh8+ Kg7 37. R1h7+ Kg6 38. Rh6+ Kg7 39. R6h7+ Kg6 40. Rh6+ Kg7 41. R8h7+ Kg8 42. g6 fxg6 43. Rxa7 Rc6 44. Rhh7 Rf6+ 45. Ke5 Rxf3 46. Rhg7+ Kf8 47. Rxg6 Rff2 48. a4 Rfe2+ 49. Kd5 Rec2 50. Rf6+ Ke8 51. Kd6 Rd2+ 52. Kc6 Rdc2+ 53. Kb7 Kd7 54. Kb8+ Ke8 55. Rh6 Rf2 56. Rhh7 Rbd2 57. Rac7 Rf1 58. Rh8+ Rf8 59. Rc8+ Rd8 60. Rxf8+ Kxf8 61. Rxd8+ 1-0

[Event "Vicenza op 8th"]
[Site "Vicenza"]
[Date "2004.10.02"]
[Round "1"]
[White "Verducci, Gianni"]
[Black "Drezzadore, Dario"]
[Result "1-0"]
[WhiteElo "2045"]
[BlackElo "1841"]
[PlyCount "59"]
[EventDate "2004.10.02"]
[EventType "swiss"]
[EventRounds "6"]
[EventCountry "ITA"]
[SourceTitle "EXT 2009"]
[Source "ChessBase"]
[SourceDate "2008.11.26"]
[SourceVersion "1"]
[SourceVersionDate "2008.11.26"]
[SourceQuality "1"]

1. e4 e6 2. d4 d5 3. Nc3 Nf6 4. Bg5 Be7 5. e5 Nfd7 6. h4 a6 7. Bxe7 Qxe7 8. Qg4 f6 9. Bd3 fxe5 10. dxe5 c5 11. Nf3 Nc6 12. Bxh7 Ncxe5 13. Nxe5 Nxe5 14. Qh5+ Kd8 15. 0-0-0 Qf6 16. Rhe1 Bd7 17. Rxe5 Rxh7 18. Qxh7 Qxe5 19. Qg8+ Kc7 20. Qxa8 Bc8 21. Qa7 Kc6 22. Kb1 Qc7 23. g4 d4 24. Ne4 Qe5 25. Qxc5+ Qxc5 26. Nxc5 Kxc5 27. Re1 Kd5 28. f4 Bd7 29. Re5+ Kd6 30. Rg5 1-0

[Event "Treviso Lega op"]
[Site "Treviso"]
[Date "1996.??.??"]
[Round "1"]
[White "Verducci, Gianni"]
[Black "Cacco, Christian"]
[Result "0-1"]
[WhiteElo "1865"]
[BlackElo "1685"]
[PlyCount "58"]
[EventDate "1996.??.??"]
[EventType "swiss"]
[EventRounds "6"]
[EventCountry "ITA"]
[SourceTitle "EXT 1999"]
[Source "ChessBase"]
[SourceDate "1998.11.16"]
[SourceVersion "1"]
[SourceVersionDate "1998.11.16"]
[SourceQuality "1"]

1. e4 c5 2. Ne2 Nc6 3. Nbc3 Nf6 4. g3 g6 5. Bg2 Bg7 6. d3 d6 7. f4 e5 8. 0-0 0-0 9. h3 Rb8 10. a4 a6 11. g4 exf4 12. Bxf4 Ne8 13. Qd2 Be6 14. Bg5 Qd7 15. Nf4 Nd4 16. Nfd5 f6 17. Be3 Kh8 18. Qf2 f5 19. exf5 gxf5 20. g5 b5 21. axb5 axb5 22. Ra6 b4 23. Nd1 Qb7 24. c3 Qxa6 25. cxd4 Bxd5 26. Bxd5 f4 27. Kh1 Nc7 28. Bc4 Qb7+ 29. Qg2 Qxg2+ 0-1